[Event "Menchik Memorial op"]
[Site "Maidstone"]
[Date "1994.10.??"]
[Round "3"]
[White "Hunt, Adam"]
[Black "Houska, Jovanka"]
[Result "1-0"]
[WhiteElo "2205"]
[BlackElo "2015"]
[PlyCount "109"]
[EventDate "1994.10.24"]
[EventType "swiss"]
[EventRounds "9"]
[EventCountry "ENG"]
[SourceTitle "BritBase"]
[Source "John Saunders"]
[SourceDate "2023.06.01"]
[SourceVersion "1"]
[SourceVersionDate "2023.06.01"]
[SourceQuality "1"]

1. e4 d5 2. exd5 Nf6 3. d4 Nxd5 4. Nf3 g6 5. c4 Nb6 6. Nc3 Bg7 7. c5 Nd5 8. Bc4
Nxc3 9. bxc3 O-O 10. O-O b6 11. cxb6 axb6 12. Re1 Nd7 13. Bg5 Nf6 14. Qe2 e6
15. Ne5 Qd6 16. Bxf6 Bxf6 17. Qf3 Bxe5 18. Qxa8 Bxh2+ 19. Kh1 Bf4 20. Qf3 Bd7
21. Rad1 Bh6 22. Bb3 Bg7 23. Qe3 b5 24. d5 e5 25. Qa7 e4 26. Rxe4 Bxc3 27. Rc1
Bf5 28. Re2 b4 29. Qe3 Qf6 30. Qe7 Qg7 31. Rd1 Qh6+ 32. Kg1 Bg4 33. f3 Bf5 34.
Qxc7 Bd3 35. Rxd3 Qc1+ 36. Kh2 Qh6+ 37. Kg3 Qg5+ 38. Kf2 Qh4+ 39. Qg3 Bd4+ 40.
Ree3 Bxe3+ 41. Rxe3 Qd4 42. Qe5 Qh4+ 43. Ke2 Rc8 44. d6 Qh1 45. Bxf7+ Kxf7 46.
Qe6+ Kg7 47. Qxc8 Qxg2+ 48. Kd3 Qf1+ 49. Kd2 Qf2+ 50. Re2 Qd4+ 51. Kc2 Qxd6 52.
Rd2 Qg3 53. Rd7+ Kh6 54. Qf8+ Kg5 55. Rd5+ 1-0

[Event "Menchik Memorial op"]
[Site "Maidstone"]
[Date "1994.10.??"]
[Round "3"]
[White "Ivanov, Alexei"]
[Black "McDonald, Neil R"]
[Result "1/2-1/2"]
[WhiteElo "2455"]
[BlackElo "2420"]
[PlyCount "27"]
[EventDate "1994.10.24"]
[EventType "swiss"]
[EventRounds "9"]
[EventCountry "ENG"]
[SourceTitle "BritBase"]
[Source "John Saunders"]
[SourceDate "2023.06.01"]
[SourceVersion "1"]
[SourceVersionDate "2023.06.01"]
[SourceQuality "1"]

1. e4 e6 2. d4 d5 3. Nc3 dxe4 4. Nxe4 Bd7 5. Nf3 Bc6 6. Bd3 Nd7 7. c3 Ngf6 8.
Nxf6+ Nxf6 9. Qe2 Bxf3 10. Qxf3 Qd5 11. Qxd5 Nxd5 12. O-O O-O-O 13. Rd1 Be7 14.
Bd2 1/2-1/2

[Event "Menchik Memorial op"]
[Site "Maidstone"]
[Date "1994.10.??"]
[Round "3"]
[White "Maskova, Jana"]
[Black "Hunt, Harriet"]
[Result "0-1"]
[WhiteElo "2220"]
[BlackElo "2225"]
[PlyCount "77"]
[EventDate "1994.10.24"]
[EventType "swiss"]
[EventRounds "9"]
[EventCountry "ENG"]
[SourceTitle "BritBase"]
[Source "John Saunders"]
[SourceDate "2023.06.01"]
[SourceVersion "1"]
[SourceVersionDate "2023.06.01"]
[SourceQuality "1"]

1. e4 c6 2. d4 d5 3. exd5 cxd5 4. c4 Nf6 5. Nc3 e6 6. Nf3 Bb4 7. Bd2 O-O 8.
cxd5 Nxd5 9. Bd3 Nc6 10. O-O Be7 11. a3 Nf6 12. Bg5 h6 13. Be3 b6 14. Rc1 Bb7
15. Re1 Rc8 16. Bb1 Re8 17. Qd3 Bf8 18. Bf4 Ne7 19. Ne5 Ned5 20. Bg3 Nxc3 21.
Rxc3 Rxc3 22. bxc3 Bxa3 23. Bh4 Be7 24. c4 Qd6 25. d5 Qb4 26. Re3 Rd8 27. h3
Qa4 28. Bxf6 Bxf6 29. Qh7+ Kf8 30. Nxf7 Kxf7 31. Bg6+ Ke7 32. Rxe6+ Kd7 33. Bc2
Qa1+ 34. Kh2 Kc7 35. Qf5 Qd4 36. Be4 Kb8 37. Qf4+ Ka8 38. Qc7 Qc5 39. Qf7 0-1

[Event "Menchik Memorial op"]
[Site "Maidstone"]
[Date "1994.10.??"]
[Round "3"]
[White "Reuben, Stewart"]
[Black "Bronstein, David I"]
[Result "1/2-1/2"]
[WhiteElo "2260"]
[BlackElo "2440"]
[PlyCount "43"]
[EventDate "1994.10.24"]
[EventType "swiss"]
[EventRounds "9"]
[EventCountry "ENG"]
[SourceTitle "BritBase"]
[Source "John Saunders"]
[SourceDate "2023.06.01"]
[SourceVersion "1"]
[SourceVersionDate "2023.06.01"]
[SourceQuality "1"]

1. c4 e6 2. Nc3 Bb4 3. g3 Ne7 4. Bg2 O-O 5. Nf3 d5 6. O-O dxc4 7. Qa4 Nec6 8.
a3 Be7 9. Qxc4 e5 10. d4 exd4 11. Rd1 Be6 12. Qa4 Bf6 13. Nb5 Nd7 14. Nfxd4
Nxd4 15. Nxd4 Nc5 16. Nxe6 Nxa4 17. Nxd8 Raxd8 18. Be3 b6 19. Rxd8 Rxd8 20. Rc1
c5 21. b3 Nc3 22. Bf3 1/2-1/2

[Event "Menchik Memorial op"]
[Site "Maidstone"]
[Date "1994.10.??"]
[Round "3"]
[White "Ward, Christopher G"]
[Black "Lalic, Bogdan"]
[Result "1/2-1/2"]
[WhiteElo "2495"]
[BlackElo "2520"]
[PlyCount "24"]
[EventDate "1994.10.24"]
[EventType "swiss"]
[EventRounds "9"]
[EventCountry "ENG"]
[SourceTitle "BritBase"]
[Source "John Saunders"]
[SourceDate "2023.06.01"]
[SourceVersion "1"]
[SourceVersionDate "2023.06.01"]
[SourceQuality "1"]

1. d4 d5 2. c4 c6 3. Nc3 Nf6 4. Nf3 e6 5. Bg5 dxc4 6. e4 b5 7. e5 h6 8. Bh4 g5
9. exf6 gxh4 10. Ne5 Qxf6 11. a4 Bb7 12. Be2 c5 1/2-1/2

[Event "Menchik Memorial op"]
[Site "Maidstone"]
[Date "1994.10.??"]
[Round "4"]
[White "Dickenson, Neil F"]
[Black "Emms, John M"]
[Result "0-1"]
[WhiteElo "2290"]
[BlackElo "2535"]
[PlyCount "56"]
[EventDate "1994.10.24"]
[EventType "swiss"]
[EventRounds "9"]
[EventCountry "ENG"]
[SourceTitle "BritBase"]
[Source "John Saunders"]
[SourceDate "2023.06.01"]
[SourceVersion "1"]
[SourceVersionDate "2023.06.01"]
[SourceQuality "1"]

1. d4 Nf6 2. c4 e6 3. Nc3 Bb4 4. e3 O-O 5. Bd3 c5 6. a3 Bxc3+ 7. bxc3 Nc6 8.
Ne2 b6 9. e4 Ne8 10. O-O Ba6 11. f4 f5 12. Ng3 g6 13. dxc5 bxc5 14. exf5 exf5
15. Be3 Qa5 16. Rb1 Rf7 17. Qf3 Rc8 18. Rfe1 Ne7 19. Bd2 Qa4 20. Re5 Ng7 21.
Qe2 Ne6 22. h4 Nc6 23. Rd5 Na5 24. h5 Bxc4 25. hxg6 hxg6 26. Bxc4 Qxc4 27. Qxc4
Nxc4 28. Rb7 d6 0-1

[Event "Menchik Memorial op"]
[Site "Maidstone"]
[Date "1994.10.??"]
[Round "4"]
[White "Fenn, Paul David"]
[Black "Reuben, Stewart"]
[Result "1/2-1/2"]
[WhiteElo "2160"]
[BlackElo "2260"]
[PlyCount "21"]
[EventDate "1994.10.24"]
[EventType "swiss"]
[EventRounds "9"]
[EventCountry "ENG"]
[SourceTitle "BritBase"]
[Source "John Saunders"]
[SourceDate "2023.06.01"]
[SourceVersion "1"]
[SourceVersionDate "2023.06.01"]
[SourceQuality "1"]

1. e4 c5 2. Nf3 Nc6 3. c3 Nf6 4. e5 Nd5 5. d4 cxd4 6. cxd4 e6 7. Bc4 d6 8. O-O
Nb6 9. Bb3 dxe5 10. dxe5 Qxd1 11. Rxd1 1/2-1/2

[Event "Menchik Memorial op"]
[Site "Maidstone"]
[Date "1994.10.??"]
[Round "4"]
[White "Houska, Jovanka"]
[Black "Maskova, Jana"]
[Result "0-1"]
[WhiteElo "2015"]
[BlackElo "2220"]
[PlyCount "136"]
[EventDate "1994.10.24"]
[EventType "swiss"]
[EventRounds "9"]
[EventCountry "ENG"]
[SourceTitle "BritBase"]
[Source "John Saunders"]
[SourceDate "2023.06.01"]
[SourceVersion "1"]
[SourceVersionDate "2023.06.01"]
[SourceQuality "1"]

1. e4 c5 2. Nf3 Nc6 3. d4 cxd4 4. Nxd4 Nf6 5. Nc3 e5 6. Nb3 Bb4 7. Bg5 h6 8.
Bxf6 Qxf6 9. Bc4 Bxc3+ 10. bxc3 O-O 11. O-O d6 12. Bd5 Ne7 13. c4 Nxd5 14. cxd5
b6 15. Qd3 Bd7 16. a4 Rfc8 17. c4 Qg6 18. a5 f5 19. f3 fxe4 20. fxe4 Rf8 21.
axb6 axb6 22. Rxf8+ Rxf8 23. Rf1 Rxf1+ 24. Kxf1 Qf6+ 25. Qf3 Qh4 26. h3 Ba4 27.
Nd2 Qg5 28. Ke1 Bd7 29. Qf2 Qd8 30. Qe3 Qc7 31. Qb3 Qc5 32. Ke2 Qg1 33. Kf3 Be8
34. Qe3 Bh5+ 35. g4 Qh1+ 36. Ke2 Bg6 37. Kd3 Qg2 38. Qf3 Qg1 39. Qe3 Qd1 40.
Qf3 Qa4 41. Qe3 b5 42. cxb5 Qxb5+ 43. Kc3 Qa5+ 44. Kc2 Qxd5 45. Qb3 Qxb3+ 46.
Kxb3 Kf7 47. Kc4 Ke6 48. h4 Bxe4 49. Kb5 Bd3+ 50. Kc6 Be2 51. g5 hxg5 52. hxg5
g6 53. Nb3 Bf3+ 54. Kc7 d5 55. Nc5+ Kf5 56. Kd6 d4 57. Nb3 d3 58. Nd2 e4 59.
Kd5 Kxg5 60. Ke5 Kg4 61. Kd4 Kf4 62. Nf1 g5 63. Kc3 g4 64. Kd2 g3 65. Ne3 g2
66. Nxg2+ Bxg2 67. Ke1 e3 68. Kd1 Bf3+ 0-1

[Event "Menchik Memorial op"]
[Site "Maidstone"]
[Date "1994.10.??"]
[Round "4"]
[White "Hunt, Harriet"]
[Black "Bibby, Simon"]
[Result "1/2-1/2"]
[WhiteElo "2225"]
[BlackElo "2275"]
[PlyCount "46"]
[EventDate "1994.10.24"]
[EventType "swiss"]
[EventRounds "9"]
[EventCountry "ENG"]
[SourceTitle "BritBase"]
[Source "John Saunders"]
[SourceDate "2023.06.01"]
[SourceVersion "1"]
[SourceVersionDate "2023.06.01"]
[SourceQuality "1"]

1. e4 c5 2. Nf3 Nc6 3. d4 cxd4 4. Nxd4 e5 5. Nb5 d6 6. c4 Be7 7. N1c3 a6 8. Na3
Be6 9. Be3 Bg5 10. Nc2 Bxe3 11. Nxe3 Nd4 12. Be2 Ne7 13. O-O Ng6 14. Ncd5 O-O
15. Rc1 Qh4 16. f3 Rac8 17. g3 Qd8 18. Rf2 Bxd5 19. Nxd5 Ne7 20. f4 Nxd5 21.
exd5 Qe7 22. Qd3 b5 23. b3 f6 1/2-1/2

[Event "Menchik Memorial op"]
[Site "Maidstone"]
[Date "1994.10.??"]
[Round "4"]
[White "Lalic, Bogdan"]
[Black "Ivanov, Alexei"]
[Result "1-0"]
[WhiteElo "2520"]
[BlackElo "2455"]
[PlyCount "73"]
[EventDate "1994.10.24"]
[EventType "swiss"]
[EventRounds "9"]
[EventCountry "ENG"]
[SourceTitle "BritBase"]
[Source "John Saunders"]
[SourceDate "2023.06.01"]
[SourceVersion "1"]
[SourceVersionDate "2023.06.01"]
[SourceQuality "1"]

1. c4 e5 2. Nc3 Bb4 3. Nd5 Ba5 4. b4 c6 5. bxa5 cxd5 6. cxd5 Qxa5 7. e4 Nf6 8.
f3 d6 9. Ne2 O-O 10. Bb2 Na6 11. Bc3 Qa3 12. d4 Nd7 13. Qb3 Qxb3 14. axb3 f5
15. exf5 Nc7 16. dxe5 Nxe5 17. Bxe5 dxe5 18. Ng3 Ne8 19. Bc4 Nd6 20. Ne4 Nxc4
21. bxc4 Bxf5 22. Nd6 b6 23. O-O Bg6 24. Rfe1 Rfd8 25. Nb5 a6 26. Nc7 Ra7 27.
d6 Bd3 28. Rxe5 Bxc4 29. Rd1 Bf7 30. Re7 a5 31. Rd4 a4 32. Rf4 Bg6 33. Ne6 Raa8
34. Nxd8 a3 35. Ne6 a2 36. Rxg7+ Kh8 37. Ra7 1-0

[Event "Menchik Memorial op"]
[Site "Maidstone"]
[Date "1994.10.??"]
[Round "4"]
[White "Lauterbach, Ingrid"]
[Black "Saljova, Silvie"]
[Result "1/2-1/2"]
[WhiteElo "2155"]
[BlackElo "2250"]
[PlyCount "76"]
[EventDate "1994.10.24"]
[EventType "swiss"]
[EventRounds "9"]
[EventCountry "ENG"]
[SourceTitle "BritBase"]
[Source "John Saunders"]
[SourceDate "2023.06.01"]
[SourceVersion "1"]
[SourceVersionDate "2023.06.01"]
[SourceQuality "1"]

1. e4 e5 2. Nc3 Nf6 3. g3 Bb4 4. Bg2 c6 5. Nge2 O-O 6. O-O d6 7. d3 Re8 8. a3
Ba5 9. Be3 Ng4 10. Bd2 f5 11. exf5 Bxf5 12. Ne4 Bxd2 13. Qxd2 d5 14. Nc5 a5 15.
Nxb7 Qb6 16. Nd6 Rf8 17. Nxf5 Rxf5 18. d4 Nf6 19. c3 Nbd7 20. dxe5 Nxe5 21. Nd4
Rh5 22. Qc2 c5 23. Ne2 Rxh2 24. Nf4 Neg4 25. Qf5 Kh8 26. Nxd5 Qxb2 27. Rab1
Rxg2+ 28. Kxg2 Qa2 29. Kh3 Nh6 30. Qe5 Qxd5 31. Qxd5 Nxd5 32. Rb5 Nxc3 33. Rxc5
Ne4 34. Rc7 Rf8 35. f4 g5 36. Re1 Re8 37. Kg2 gxf4 38. gxf4 Rg8+ 1/2-1/2

[Event "Menchik Memorial op"]
[Site "Maidstone"]
[Date "1994.10.??"]
[Round "4"]
[White "McDonald, Neil R"]
[Black "Levitt, Jonathan P"]
[Result "0-1"]
[WhiteElo "2420"]
[BlackElo "2445"]
[PlyCount "88"]
[EventDate "1994.10.24"]
[EventType "swiss"]
[EventRounds "9"]
[EventCountry "ENG"]
[SourceTitle "BritBase"]
[Source "John Saunders"]
[SourceDate "2023.06.01"]
[SourceVersion "1"]
[SourceVersionDate "2023.06.01"]
[SourceQuality "1"]

1. e4 e6 2. d4 d5 3. Nc3 Bb4 4. Nge2 dxe4 5. a3 Bxc3+ 6. Nxc3 Nc6 7. Bb5 Nge7
8. Bg5 f6 9. Be3 O-O 10. Qd2 f5 11. O-O-O a6 12. Bxc6 Nxc6 13. f3 e5 14. d5 Ne7
15. f4 Ng6 16. g3 exf4 17. gxf4 Nh4 18. Ne2 Rf7 19. Qc3 Bd7 20. Nd4 Qf6 21.
Rhg1 c6 22. dxc6 Bxc6 23. Qb3 Rc8 24. Kb1 h6 25. Nxc6 Rxc6 26. Bd4 Qe6 27. Qg3
Qe7 28. Qb3 Kh7 29. Bc3 Nf3 30. Rg2 Qe6 31. Qb4 Qc4 32. Qa5 Qb5 33. Qxb5 axb5
34. Rd5 Rg6 35. Rxg6 Kxg6 36. Rxb5 Nxh2 37. a4 h5 38. Rb6+ Kh7 39. Rd6 Nf3 40.
Rd1 h4 41. Rh1 Kg6 42. a5 Kh5 43. b4 Kg4 44. b5 h3 0-1

[Event "Menchik Memorial op"]
[Site "Maidstone"]
[Date "1994.10.??"]
[Round "4"]
[White "McNab, Colin Anderson"]
[Black "Ward, Christopher G"]
[Result "1/2-1/2"]
[WhiteElo "2465"]
[BlackElo "2495"]
[PlyCount "86"]
[EventDate "1994.10.24"]
[EventType "swiss"]
[EventRounds "9"]
[EventCountry "ENG"]
[SourceTitle "BritBase"]
[Source "John Saunders"]
[SourceDate "2023.06.01"]
[SourceVersion "1"]
[SourceVersionDate "2023.06.01"]
[SourceQuality "1"]

1. Nf3 c5 2. c4 b6 3. g3 Bb7 4. Bg2 Nf6 5. d3 g6 6. e4 d6 7. Nc3 Bg7 8. h3 O-O
9. Bg5 a6 10. O-O Nc6 11. Qd2 Nd7 12. Nh2 Nd4 13. Nd5 f6 14. Be3 e6 15. Nf4 Qe7
16. Rae1 Ne5 17. b4 b5 18. Rc1 Nec6 19. Rfe1 g5 20. Nh5 cxb4 21. Nxg7 Kxg7 22.
cxb5 axb5 23. Bxd4 Nxd4 24. Qxb4 e5 25. Nf3 Nxf3+ 26. Bxf3 Bc8 27. Rc6 Bxh3 28.
Rec1 Ra7 29. a3 Rb8 30. g4 h5 31. gxh5 Kh6 32. Bd1 Bd7 33. Rxd6 Be8 34. d4 Bxh5
35. f3 Be8 36. Qc5 Kg7 37. Kg2 exd4 38. Qxd4 Rd7 39. Rxd7 Qxd7 40. Qxd7+ Bxd7
41. Rc7 Rd8 42. Be2 Kg6 43. Kg3 Be8 1/2-1/2

[Event "Menchik Memorial op"]
[Site "Maidstone"]
[Date "1994.10.??"]
[Round "4"]
[White "Velicka, Petr"]
[Black "Lalic, Susan Kathryn"]
[Result "1-0"]
[WhiteElo "2415"]
[BlackElo "2375"]
[PlyCount "99"]
[EventDate "1994.10.24"]
[EventType "swiss"]
[EventRounds "9"]
[EventCountry "ENG"]
[SourceTitle "BritBase"]
[Source "John Saunders"]
[SourceDate "2023.06.01"]
[SourceVersion "1"]
[SourceVersionDate "2023.06.01"]
[SourceQuality "1"]

1. e4 e6 2. d4 d5 3. Nc3 Nf6 4. Bg5 dxe4 5. Nxe4 Nbd7 6. Nf3 Be7 7. Nxf6+ Bxf6
8. h4 c5 9. Qd2 cxd4 10. O-O-O e5 11. Bb5 O-O 12. Bxd7 Bxd7 13. Nxe5 Bf5 14. g4
Bxc2 15. Kxc2 Qc7+ 16. Kb1 Bxe5 17. f4 Bd6 18. Qxd4 Bc5 19. Qe5 Qb6 20. f5 Rfe8
21. Qd5 Re2 22. Rd2 Rxd2 23. Qxd2 h6 24. Bf4 Rd8 25. Qe2 Bd6 26. Bc1 Qc6 27.
Rd1 Re8 28. Qc2 Qxc2+ 29. Kxc2 Bg3 30. h5 Re4 31. Rd8+ Kh7 32. Rd7 Rc4+ 33. Kd1
Rc7 34. Rxc7 Bxc7 35. Be3 Be5 36. b3 a6 37. Ke2 Kg8 38. Kd3 Kf8 39. Ke4 Bf6 40.
Bd4 Ke7 41. Be5 Kd7 42. Kd5 Ke7 43. a4 Bg5 44. b4 f6 45. Bd4 Kd7 46. Kc5 Kc7
47. b5 axb5 48. Kxb5 Kd6 49. Kb6 Kd5 50. Bc3 1-0

[Event "Menchik Memorial op"]
[Site "Maidstone"]
[Date "1994.10.??"]
[Round "5"]
[White "Bibby, Simon"]
[Black "Fenn, Paul David"]
[Result "1-0"]
[WhiteElo "2275"]
[BlackElo "2160"]
[PlyCount "39"]
[EventDate "1994.10.24"]
[EventType "swiss"]
[EventRounds "9"]
[EventCountry "ENG"]
[SourceTitle "BritBase"]
[Source "John Saunders"]
[SourceDate "2023.06.01"]
[SourceVersion "1"]
[SourceVersionDate "2023.06.01"]
[SourceQuality "1"]

1. d4 Nf6 2. Bg5 Ne4 3. Bf4 d5 4. Nd2 Nxd2 5. Qxd2 Nc6 6. e3 Bd7 7. Nf3 e6 8.
Be2 Bb4 9. c3 Be7 10. Bd3 a6 11. e4 Na7 12. exd5 exd5 13. O-O O-O 14. Rfe1 Nc8
15. Re5 c6 16. Rae1 Bf6 17. Rh5 g6 18. Be5 Bg4 19. Qh6 Bxh5 20. Ng5 1-0

[Event "Menchik Memorial op"]
[Site "Maidstone"]
[Date "1994.10.??"]
[Round "5"]
[White "Bronstein, David I"]
[Black "Velicka, Petr"]
[Result "0-1"]
[WhiteElo "2440"]
[BlackElo "2415"]
[PlyCount "168"]
[EventDate "1994.10.24"]
[EventType "swiss"]
[EventRounds "9"]
[EventCountry "ENG"]
[SourceTitle "BritBase"]
[Source "John Saunders"]
[SourceDate "2023.06.01"]
[SourceVersion "1"]
[SourceVersionDate "2023.06.01"]
[SourceQuality "1"]

1. d4 d5 2. c4 c6 3. Nf3 Nf6 4. Nc3 a6 5. cxd5 cxd5 6. Bf4 Nc6 7. h3 Ne4 8. e3
Bf5 9. Bd3 Nxc3 10. bxc3 Bxd3 11. Qxd3 e6 12. e4 Be7 13. O-O O-O 14. c4 dxc4
15. Qxc4 Rc8 16. Qd3 Bd6 17. Bg5 Be7 18. Bf4 Bd6 19. Bd2 Be5 20. Bg5 Bf6 21.
Bxf6 Qxf6 22. Rad1 Rfd8 23. Qe3 h6 24. Rfe1 Rd7 25. d5 exd5 26. exd5 Rcd8 27.
Qc5 Ne7 28. Re5 b6 29. Qc4 b5 30. Qe4 Kf8 31. Re1 g6 32. Rd1 Nc6 33. Rd3 Nxe5
34. Nxe5 Re7 35. f4 Qb6+ 36. Kh2 Qc5 37. Qf3 Rd6 38. Qd1 Kg7 39. Qd2 f6 40. Rc3
Qxd5 41. Rd3 Rxe5 42. Rxd5 Rexd5 43. Qa5 h5 44. a4 bxa4 45. Qxa4 a5 46. Qe8 Rd7
47. Qa8 h4 48. Kg1 Rd1+ 49. Kf2 Ra1 50. f5 Ra2+ 51. Ke3 Ra3+ 52. Ke2 gxf5 53.
Qc8 Rad3 54. Qa8 Rd2+ 55. Ke1 Ra2 56. Qc8 Re7+ 57. Kf1 Ree2 58. Qc7+ Kg6 59.
Qc4 Rf2+ 60. Kg1 Rxg2+ 61. Kh1 Rgc2 62. Qg8+ Kh6 63. Qh8+ Kg5 64. Qg8+ Kf4 65.
Qb8+ Ke4 66. Qb7+ Kd3 67. Qf3+ Kd2 68. Qf2+ Kc1 69. Qg1+ Kb2 70. Qb6+ Kc1 71.
Qg1+ Kd2 72. Qf2+ Kd3 73. Qf3+ Kc4 74. Qc6+ Kd4 75. Qxf6+ Ke3 76. Qe5+ Kd2 77.
Qd4+ Ke1 78. Qe3+ Kd1 79. Qd3+ Rd2 80. Qb1+ Ke2 81. Qb5+ Rd3 82. Qe5+ Re3 83.
Qh2+ Kd1 84. Qd6+ Rd2 0-1

[Event "Menchik Memorial op"]
[Site "Maidstone"]
[Date "1994.10.??"]
[Round "5"]
[White "Emms, John M"]
[Black "McNab, Colin Anderson"]
[Result "1/2-1/2"]
[WhiteElo "2535"]
[BlackElo "2465"]
[PlyCount "84"]
[EventDate "1994.10.24"]
[EventType "swiss"]
[EventRounds "9"]
[EventCountry "ENG"]
[SourceTitle "BritBase"]
[Source "John Saunders"]
[SourceDate "2023.06.01"]
[SourceVersion "1"]
[SourceVersionDate "2023.06.01"]
[SourceQuality "1"]

1. e4 g6 2. d4 d6 3. Nc3 c6 4. Bc4 Bg7 5. Nf3 Nf6 6. Bb3 O-O 7. O-O Qc7 8. a4
Nbd7 9. h3 b6 10. Re1 e5 11. d5 Nc5 12. dxc6 Nxb3 13. cxb3 Qxc6 14. Bg5 Be6 15.
Rc1 Qd7 16. Bxf6 Bxf6 17. Nd5 Bd8 18. Rc7 Qe8 19. Rc3 Rc8 20. Rxc8 Bxc8 21. Nd2
Qe6 22. Nc4 Bb7 23. Nc3 Be7 24. Re2 f5 25. f3 fxe4 26. fxe4 Kg7 27. Rd2 Ba6 28.
Nb5 Bxb5 29. axb5 Qf6 30. Qe2 h5 31. Rd1 Qe6 32. Ra1 Qd7 33. Qd3 Qxb5 34. Rxa7
Rf7 35. Kh2 Qc5 36. Rd7 Qf2 37. Nxd6 Bxd6 38. Rxd6 h4 39. Rd7 Qg3+ 40. Kg1 Qe1+
41. Kh2 Qg3+ 42. Kg1 Qe1+ 1/2-1/2

[Event "Menchik Memorial op"]
[Site "Maidstone"]
[Date "1994.10.??"]
[Round "5"]
[White "Fink Nunn, Petra"]
[Black "Houska, Jovanka"]
[Result "1-0"]
[WhiteElo "2095"]
[BlackElo "2015"]
[PlyCount "93"]
[EventDate "1994.10.24"]
[EventType "swiss"]
[EventRounds "9"]
[EventCountry "ENG"]
[SourceTitle "BritBase"]
[Source "John Saunders"]
[SourceDate "2023.06.01"]
[SourceVersion "1"]
[SourceVersionDate "2023.06.01"]
[SourceQuality "1"]

1. e4 d5 2. exd5 Nf6 3. d4 Nxd5 4. c4 Nf6 5. Nc3 g6 6. Nf3 Bg7 7. Be2 O-O 8.
O-O Nbd7 9. Bg5 c6 10. Qd2 Re8 11. Rfe1 b6 12. Rad1 Bb7 13. Ne5 Qc8 14. Bf3 c5
15. Bxb7 Qxb7 16. Nxd7 Nxd7 17. d5 Ne5 18. b3 Ng4 19. h3 Nf6 20. Re2 Rad8 21.
Rde1 Qd7 22. Qe3 Qf5 23. Qd2 Qd7 24. Qf4 Nh5 25. Qf3 Nf6 26. Ne4 Nxe4 27. Rxe4
f6 28. Bf4 Kf7 29. Re6 Rc8 30. Qe3 Bf8 31. g4 Bg7 32. h4 Bh8 33. Bh6 Rb8 34.
Qf4 Rbc8 35. Qe4 Qb7 36. Qe3 Qd7 37. f4 f5 38. Qf3 fxg4 39. Qxg4 Rcd8 40. f5
Bf6 41. fxg6+ hxg6 42. Bg5 Kg7 43. h5 Bd4+ 44. Kh1 Kh8 45. hxg6 Qxe6 46. Rxe6
Kg7 47. Rxe7+ 1-0

[Event "Menchik Memorial op"]
[Site "Maidstone"]
[Date "1994.10.??"]
[Round "5"]
[White "Ivanov, Alexei"]
[Black "Dickenson, Neil F"]
[Result "1/2-1/2"]
[WhiteElo "2455"]
[BlackElo "2290"]
[PlyCount "45"]
[EventDate "1994.10.24"]
[EventType "swiss"]
[EventRounds "9"]
[EventCountry "ENG"]
[SourceTitle "BritBase"]
[Source "John Saunders"]
[SourceDate "2023.06.01"]
[SourceVersion "1"]
[SourceVersionDate "2023.06.01"]
[SourceQuality "1"]

1. e4 e6 2. d3 d5 3. Nd2 Nf6 4. g3 dxe4 5. dxe4 e5 6. Bg2 Bc5 7. Ngf3 Nc6 8.
O-O O-O 9. c3 a5 10. Qc2 b6 11. Nc4 Ba6 12. Rd1 Qe8 13. Ne3 Rd8 14. Nd5 Ng4 15.
Rd2 Rxd5 16. Rxd5 Bxf2+ 17. Kh1 f5 18. exf5 Qh5 19. Nh4 Ne7 20. Rd7 Bc5 21. h3
Nxf5 22. Nxf5 Nf2+ 23. Kh2 1/2-1/2

[Event "Menchik Memorial op"]
[Site "Maidstone"]
[Date "1994.10.??"]
[Round "5"]
[White "Lalic, Susan Kathryn"]
[Black "Hunt, Harriet"]
[Result "1-0"]
[WhiteElo "2375"]
[BlackElo "2225"]
[PlyCount "105"]
[EventDate "1994.10.24"]
[EventType "swiss"]
[EventRounds "9"]
[EventCountry "ENG"]
[SourceTitle "BritBase"]
[Source "John Saunders"]
[SourceDate "2023.06.01"]
[SourceVersion "1"]
[SourceVersionDate "2023.06.01"]
[SourceQuality "1"]

1. e4 c6 2. d4 d5 3. Nd2 dxe4 4. Nxe4 Bf5 5. Ng3 Bg6 6. Nh3 h6 7. Nf4 Bh7 8.
Bc4 Nf6 9. c3 e6 10. O-O Bd6 11. Re1 O-O 12. Ngh5 Nxh5 13. Qxh5 Qf6 14. Qf3 Bf5
15. Nh5 Qh4 16. h3 Nd7 17. Bd2 Rfe8 18. Re2 Rad8 19. Rae1 c5 20. Ng3 Bxg3 21.
fxg3 Qf6 22. d5 e5 23. g4 Bg6 24. Qxf6 gxf6 25. Bxh6 Nb6 26. Bb5 Re7 27. Rd2
Rxd5 28. Rxd5 Nxd5 29. Rd1 Be4 30. Kf2 a6 31. Bd3 Bxd3 32. Rxd3 Nb6 33. Be3 Rc7
34. Kf3 Kg7 35. b3 Kg6 36. c4 Nd7 37. Rd6 Nf8 38. Ke4 Ne6 39. h4 Nd4 40. g5 Ne6
41. gxf6 Kxf6 42. Bg5+ Kg7 43. Kxe5 Nxg5 44. hxg5 Re7+ 45. Kd5 Re2 46. Kxc5
Rxa2 47. Kb6 Rxg2 48. Kxb7 Rxg5 49. Kxa6 f5 50. c5 Kf7 51. c6 Ke7 52. c7 Rg8
53. Rd1 1-0

[Event "Menchik Memorial op"]
[Site "Maidstone"]
[Date "1994.10.??"]
[Round "5"]
[White "Levitt, Jonathan P"]
[Black "Lalic, Bogdan"]
[Result "1/2-1/2"]
[WhiteElo "2445"]
[BlackElo "2520"]
[PlyCount "80"]
[EventDate "1994.10.24"]
[EventType "swiss"]
[EventRounds "9"]
[EventCountry "ENG"]
[SourceTitle "BritBase"]
[Source "John Saunders"]
[SourceDate "2023.06.01"]
[SourceVersion "1"]
[SourceVersionDate "2023.06.01"]
[SourceQuality "1"]

1. d4 d5 2. Nf3 c5 3. e3 Nf6 4. dxc5 e6 5. c4 Bxc5 6. a3 O-O 7. Nc3 Nc6 8. b4
Bd6 9. Bb2 Qe7 10. Rc1 Rd8 11. Qb3 a6 12. Be2 dxc4 13. Qxc4 e5 14. Ne4 Be6 15.
Nxf6+ Qxf6 16. Qe4 Bd5 17. Qg4 Qh6 18. e4 Be6 19. Qg5 Qxg5 20. Nxg5 Bb3 21. Nf3
a5 22. b5 Nd4 23. Nxd4 exd4 24. Bd3 f5 25. O-O fxe4 26. Bxe4 Bf4 27. Rc5 d3 28.
g3 Bh6 29. Bxb7 Rab8 30. Bf3 Ba4 31. Be5 Rxb5 32. Rxb5 Bxb5 33. Bc7 Rf8 34.
Bd5+ Kh8 35. f4 g5 36. Bxa5 gxf4 37. Bd2 Rd8 38. Bb3 Ra8 39. Rxf4 Rc8 40. a4
Ba6 {Result given as 0-1 on Mega - also in the bulletin, but a crosstable
shows that it should have been 1/2-1/2 - JS (2006)} 1/2-1/2